zpět

Detail výsledku týmu

R.A.M., Jablonec nad Nisou

Datum a čas kvízu

28 Celkem bodů Celkový počet nahraných bodů na tomto kvízu bez doplňovacích otázek.
10. Pořadí na kvízu Konečné umístění týmu na tomto kvízu.

Zaznamenané odpovědi

# Otázka Odpověď Body Výsledky
1. Na sedmém kilometru dálnice D1... tramvaj 1
2. Kuriózní nehoda se stala na le... Do letounu narazila nezabržděná dodávka. 1
3. Anglická herečka Bella Ramseyo... Lyanna Mormontová 0
4. Čínská společnost Xiaomi přišl... v automatu 0
5. Jakub Voráček se stal druhým h... Matěj 0
6. Kolik mandátů připadá v Evrops... 21 mandátů (Uznáváme tedy 20 až 22.) 1
7. Jak se jmenuje německý politik... Martin Schulz 0
8. Přiřaďte lídry kandidátek k je... 1D 2C 3B 4A 1
9. V některých evropských státech... D 1
10. Jedenatřicetiletý kandidát nov... Tinder 0